000 00309nam a2200121Ia 4500
008 230511s1984 xx 000 0 und d
041 _aeng
082 _a348.044
100 _aManohar V R
245 _aQuin Quennial Digest
260 _aNagpur
_bAll India Reporter
_c1984
906 _aSupreme Court Cases
999 _c353716
_d353716